<?xml version="1.0" encoding="UTF-8"?>
<collection xmlns="http://www.loc.gov/MARC21/slim">
  <record>
    <leader>00000nam  2200000   4500</leader>
    <controlfield tag="001">INLIS000000000009685</controlfield>
    <datafield tag="990" ind1="#" ind2="#">
      <subfield code="a">119.936/Pro-97</subfield>
    </datafield>
    <controlfield tag="005">20210319065139</controlfield>
    <datafield tag="990" ind1="#" ind2="#">
      <subfield code="a">DW00018803</subfield>
    </datafield>
    <datafield tag="035" ind1="#" ind2="#">
      <subfield code="a">0010-061300000009685</subfield>
    </datafield>
    <datafield tag="041" ind1="#" ind2="#">
      <subfield code="a">Ind</subfield>
    </datafield>
    <datafield tag="082" ind1="#" ind2="#">
      <subfield code="a">634 609 985 1</subfield>
    </datafield>
    <datafield tag="090" ind1="#" ind2="#">
      <subfield code="a">634 609 985 1, Fru f</subfield>
    </datafield>
    <datafield tag="245" ind1="1" ind2="#">
      <subfield code="a">Fruits of Bali /</subfield>
      <subfield code="c">Eiseman</subfield>
    </datafield>
    <datafield tag="260" ind1="#" ind2="#">
      <subfield code="a">Singapore :</subfield>
      <subfield code="b">Berkely Books Pte,</subfield>
      <subfield code="c">1997</subfield>
    </datafield>
    <datafield tag="300" ind1="#" ind2="#">
      <subfield code="a">127 hlm ;</subfield>
      <subfield code="c">21 cm</subfield>
    </datafield>
    <datafield tag="650" ind1="#" ind2="4">
      <subfield code="a">Buah - Buahan - Bali</subfield>
    </datafield>
    <datafield tag="850" ind1="#" ind2="#">
      <subfield code="a">NBPNMAT</subfield>
    </datafield>
    <datafield tag="020" ind1="#" ind2="#">
      <subfield code="a">0-945971-02-8</subfield>
    </datafield>
    <datafield tag="100" ind1=" " ind2="#">
      <subfield code="a">Eiseman</subfield>
    </datafield>
    <controlfield tag="008">210319###########################0######</controlfield>
    <datafield tag="084" ind1="#" ind2="#">
      <subfield code="a">634 609 985 1 EIS f</subfield>
    </datafield>
    <datafield tag="990" ind1="#" ind2="#">
      <subfield code="a">DW00018803</subfield>
    </datafield>
    <datafield tag="990" ind1="#" ind2="#">
      <subfield code="a">1199701710</subfield>
    </datafield>
  </record>
</collection>
